000 00520nab a2200205 a 4500
001 38777
003 107146
005 20201118101456.0
008 ||||||n9999 ||| || ||
245 0 _aHa consultado un medico brujo ultimamente
300 _app.50-55
562 _e0
650 _aADMINISTRACIÓN--TEORÍAS
650 _aEMPRESARIOS
650 _aEMPRESAS
650 _aGERENCIA
650 _aINNOVACIONES ADMINISTRATIVAS
773 _038769
_aSumma Internacional - No.114 (1996)
942 _cSART
999 _c38777
_d38777